| 000 | 00459nam a2200157Ia 4500 | ||
|---|---|---|---|
| 008 | 230312s9999||||xx |||||||||||||| ||und|| | ||
| 020 | _a0-13-660390-4 | ||
| 082 |
_a005.133 _bIRV-A |
||
| 100 | _aKip R. Irvine | ||
| 245 | 0 | _aAssmebly langauge for Intel-Based Computers | |
| 260 |
_bPrentice Hall _aUSA _c1999 |
||
| 300 | _a676 | ||
| 546 | _aEng. | ||
| 650 |
_aComputer _vAssembly language, data representation, hardware and software Architecture |
||
| 942 | _cBK | ||
| 999 |
_c3222 _d3222 |
||